Paroles - De t'avoir aimée - Charles Aznavour - Statistiques

Statistiques générales
  • Ce quiz a été pris 4 fois
  • Le résultat moyen est 83 sur 125
Statistiques - réponses
% Correct
a
100%
À
100%
à
100%
aimée
100%
Aimée
100%
De
100%
de
100%
la
100%
Pour
100%
qui
100%
rien
100%
t'avoir
100%
amour
67%
avoir
67%
bien
67%
cœur
67%
comme
67%
des
67%
doigts
67%
dormir
67%
en
67%
encore
67%
et
67%
Et
67%
fou
67%
le
67%
ma
67%
mains
67%
me
67%
mes
67%
mort
67%
mourir
67%
ne
67%
Ne
67%
n'en
67%
peau
67%
peur
67%
plus
67%
que
67%
Que
67%
qu'un
67%
Qu'un
67%
sans
67%
tes
67%
tu
67%
un
67%
cherche
33%
crier
33%
damner
33%
debout
33%
d'écarteler
33%
déchirer
33%
Demain
33%
Dieu
33%
douleur
33%
écho
33%
genoux
33%
Jusqu'à
33%
jusqu'à
33%
jusqu'au
33%
l'âme
33%
manger
33%
m'en
33%
n'agrippent
33%
nom
33%
oublier
33%
presque
33%
Reste
33%
reste
33%
Restent
33%
reste-t-il
33%
soudain
33%
surtout
33%
t'aimer
33%
ventre
33%
Viens
33%
voix
33%
yeux
33%
Aucun quiz correspondant
Distribution des résultats
% des personnes avec chaque résultat
Percentile par nombre de réponses
Votre historique - résultats
Vous n’avez pas pris ce quiz